Bilecik Bilecik Bilecik Bilecik Bilecik

El-Ikdu'l-Manzum fi zikri efazıli'r-rum: Ali B.Bali'nin Şaka'ik zeyli/ (Record no. 63487)

MARC details
000 -BAŞLIK
Sabit Uzunluktaki Kontrol Alanı 01244nam a22003377a 4500
001 - KONTROL NUMARASI
Control Dosyası 0063691
003 - KONTROL NUMARASI KİMLİĞİ
Kontrol Alanı KOHA_MİRAKIL
005 - EN SON İŞLEM TARİHİ ve ZAMANI
Kontrol Alanı 20260207004448.0
007 - FİZİKSEL TANIM SABİT ALAN - GENEL BİLGİ
Sabit uzunluklu kontrol alanı ta
008 - SABİT UZUNLUKTAKİ VERİ ÖGELERİ - GENEL BİLGİ
Sabit Alan 190304b2018 xx |||gr||||#||||0|tur |
020 ## - ISBN - ULUSLARARASI STANDART KİTAP NUMARASI
Isbn 9789751741011
040 ## - KATALOGLAMA KAYNAĞI
Özgün Kataloglama Kurumu TR-BiSEU
Kataloglama Dili tur
Çeviri Kurumu TR-BiSEU
Açıklama Kuralları rda
041 0# - DİL KODU
Metin ya da ses kaydının dil kodu tur
-- ara
050 ## - SINIFLAMA ve YER NUMARASI
Sınıflama Numarası Z7407
Yer Numarası .A45 2018
100 0# - KİŞİ ADI
Yazar Adı (Kişi adı) Ali b. Bali.
245 13 - ESER ADI BİLDİRİMİ
Başlık El-Ikdu'l-Manzum fi zikri efazıli'r-rum: Ali B.Bali'nin Şaka'ik zeyli/
Sorumluluk Bildirimi Ali b. Bali ; Ali b. Bali; hazırlayan Suat Donuk; editör Muhammet Hekimoğlu..
264 #1 - ÜRERİM, YAYIN, DAĞITIM ve TELİF BİLDİRİMİ
Yayın yeri İstanbul :
Yayınlayan Türkiye Yazma Eserler Kurumu Başkanlığı Yayınları
Yayın tarihi 2018
300 ## - FİZİKSEL TANIMLAMA
Sayfa, Cilt vb. 723 sayfa; 24 cm.
336 ## - İÇERİK TÜRÜ
Content type term metin
Content type code txt
Source rdacontent
337 ## - MEDYA TÜRÜ
Media type term aracısız
Media type code n
Source rdamedia
338 ## - TAŞIYICI TÜRÜ
Carrier type term cilt
Carrier type code nc
Source rdacarrier
490 1# - DİZİ BİLDİRİMİ
Dizi Bildirimi Türkiye Yazma Eserler Kurumu Başkanlığı yayınları ;
Cilt Numarası 104.
490 1# - DİZİ BİLDİRİMİ
Dizi Bildirimi Bilim ve Felsefe serisi ;
Cilt Numarası 16.
500 ## - GENEL NOT
Genel Not Dizin var.
500 ## - GENEL NOT
Genel Not Kaynakça var.
650 #0 - KONU BAŞLIĞI EK GİRİŞ - KONU TERİMİ
Konusal terim veya coğrafi ad Bibliography--Science--Turkey.
9 (RLIN) 118139
650 #0 - KONU BAŞLIĞI EK GİRİŞ - KONU TERİMİ
Konusal terim veya coğrafi ad Science--Bibliography--Turkey.
9 (RLIN) 118140
830 1# - SERİ EK GİRİŞİ - TEKBİÇİM ESER ADI
Tekbiçim Başlık Türkiye Yazma Eserler Kurumu Başkanlığı yayınları ;
Volume number/sequential designation 104.
9 (RLIN) 84004
830 1# - SERİ EK GİRİŞİ - TEKBİÇİM ESER ADI
Tekbiçim Başlık Bilim ve Felsefe serisi ;
Volume number/sequential designation 16.
9 (RLIN) 87939
942 ## - EK GİRİŞ ÖGELERİ (KOHA)
Source of classification or shelving scheme Library of Congress Classification
Koha item type Book
Holdings
Materyal Türü Kalıcı Konum Mevcut Konum Raf Yeri Sınıflandırma Kaynağı Edinim Bilgisi Ana Konular Alt Konular Yer Numarası Demirbaş Numarası Fatura Tarihi Geri Çekilme Durumu Kayıp Durumu Hasarlı Durumu Kredi için değil Kayıt Tarih Toplam Ödünçverme Son Görülme Tarihi Son Kontrol Tarihi Genel / Bağış Notu
Book Prof. Dr. Azmi Özcan Kütüphanesi Prof. Dr. Azmi Özcan Kütüphanesi Birûni Salonu Library of Congress Classification Bağış BİBLİYOGRAFYA, KÜTÜPHANE BİLİMİ Kitaplar (Genel), Yazı, Kütüphaneler, Bibliyografya Z7407 .A45 2018 0063691 02/02/2026         04/03/2019   04/03/2025 04/03/2025 Türkiye Yazma Eserler Kurumu Başkanlığı